Match the U.S. City to the State. - Statistics

General Stats
  • This quiz has been taken 44 times
  • The average score is 11 of 15
Answer Stats
Question Answer % Correct
What state is Tampa in? Florida
95%
What state is Anaheim in? California
88%
What state is Boulder in? Colorado
88%
What state is Knoxville in? Tennessee
85%
What state is Lexington in? Kentucky
83%
What state is Syracuse in? New York
83%
What state is Dayton in? Ohio
80%
What state is Eugene in? Oregon
76%
What state is Wichita in? Kansas
73%
What state is Billings in? Montana
73%
What state is Rockford in? Illinois
68%
What state is Terre Haute in? Indiana
68%
What state is Ketchikan in? Alaska
66%
What state is Rapid City in? South Dakota
56%
What state is Sioux City in? Iowa
44%
No matching quizzes found
Score Distribution
Percent of People with Each Score
Percentile by Number Answered
Your Score History
You have not taken this quiz